LEADER 01135cam0-22003851i-450- 001 990003842800403321 005 20080114122550.0 010 $a88-07-46019-X 035 $a000384280 035 $aFED01000384280 035 $a(Aleph)000384280FED01 035 $a000384280 100 $a20030910d1999----km-y0itay50------ba 101 1 $aita$cfre 102 $aIT 105 $a--------001cy 200 1 $aCybercultura$egli usi sociali delle nuove tecnologie$fPierre Lévy$gtraduzione di Donata Feroldi 205 $a3. ed. 210 $aMilano$cFeltrinelli$d1999 215 $a252 p.$d22 cm 225 1 $aInterzone 300 $aTrad. di: Cyberculture. Rapport au Conseil de l'Europe 610 0 $aTECNOLOGIA$aInnovazione$aAspetti sociali 610 0 $aINFORMAZIONE$aTecnologia$aAspetti sociali 610 0 $aCYBERCULTURA 676 $a303.4833$v21$zita 676 $a302.234 700 1$aLévy,$bPierre$f<1956- >$0382059 801 0$aIT$bUNINA$gRICA$2UNIMARC 901 $aBK 912 $a990003842800403321 952 $a303.4833 LEV 1$b853$fBFS 959 $aBFS 996 $aCybercultura$9507505 997 $aUNINA